000 00489nam a2200181Ia 4500
001 12767
005 20260306163005.0
008 260306t2003||||xx |||||||||||||| ||spa||
041 _aESP
082 _aRD 230.03
_bM26
100 _aMartínez Puche, José A.
_eAUT
245 0 _aDiccionario teológico de Santo Tomás:
_btextos de la "suma" por orden alfabético
260 _c2003
300 _a892 páginas :
_c21 cm.
650 _aGEN
654 _aCHU
942 _cDIC
_dJUS
_fJUS
_2ddc
_n
999 _c12767
_d12767